00460nam a22001577a 4500020001800000082002000018100002000038245002000058250000900078260003000087300000800117650002800125942000700153952012500160999001700285 a81-208-0396-5 a294.508694, PAN aPANDEY, Rajbali aHindu Samskaras a2006 aDelhibMotilal Banarsidas a327 aHinduism-Social Aspects cBK 00104070aHMIbHMIcGENd2016-02-17eFlipkartg0.00l7o294.508694, PANp25020r2022-03-10s2022-01-31w2026-01-16yBK c19957d19957